[Event "New Zealand Junior Chp"]
[Site "Waitakere"]
[Date "2012.07.03"]
[Round "1.1"]
[White "Dong, Olivia"]
[Black "Li, Zuhao Luke"]
[Result "0-1"]
[WhiteElo "1250"]
[BlackElo "2333"]
[PlyCount "120"]
[EventDate "2012.07.06"]
[EventType "swiss"]
[EventRounds "7"]
[EventCountry "NZL"]
[SourceDate "2012.09.09"]

1. d4 e6 2. Bf4 f5 3. e3 Nf6 4. Nf3 b6 5. Bd3 Bb7 6. Nbd2 d6 7. c3 Be7 8. Qc2
O-O 9. h3 Nc6 10. O-O Qd7 11. e4 fxe4 12. Nxe4 Nxe4 13. Bxe4 Rxf4 14. Bxh7+ Kh8
15. Qg6 Rf6 16. Qd3 Rh6 17. Bg6 Rf8 18. Rfe1 Rf6 19. Be4 d5 20. Bxd5 Qxd5 21.
b4 Rxf3 22. Qxf3 Qxf3 23. gxf3 Rg6+ 24. Kf1 Ba6+ 25. Re2 Bxb4 26. cxb4 Nxd4 27.
Rae1 e5 28. a4 Bxe2+ 29. Rxe2 Nxe2 30. Kxe2 Rd6 31. a5 b5 32. Ke3 Rd4 33. a6
Rxb4 34. Kd3 c5 35. Kc3 Ra4 36. Kb3 Rxa6 37. Kc3 Ra3+ 38. Kb2 Rxf3 39. Kc2 Rxh3
40. f4 exf4 41. Kd2 a5 42. Ke2 g5 43. Kd2 a4 44. Kc2 Rc3+ 45. Kxc3 g4 46. Kd3
a3 47. Ke4 f3 48. Kf4 f2 49. Kxg4 f1=B 50. Kf3 a2 51. Ke4 a1=Q 52. Kd5 Qd4+ 53.
Kc6 b4 54. Kc7 c4 55. Kc6 c3 56. Kc7 c2 57. Kb8 b3 58. Ka8 b2 59. Kb8 b1=R+ 60.
Kc8 c1=R# 0-1

[Event "New Zealand Junior Chp"]
[Site "Waitakere"]
[Date "2012.07.03"]
[Round "1.2"]
[White "Gao, Hans"]
[Black "Zhu, Crystal"]
[Result "1-0"]
[WhiteElo "2189"]
[BlackElo "1223"]
[PlyCount "65"]
[EventDate "2012.07.06"]
[EventType "swiss"]
[EventRounds "7"]
[EventCountry "NZL"]
[SourceDate "2012.09.09"]

1. e4 e6 2. d4 d5 3. Nd2 c5 4. c3 Nc6 5. Ngf3 Qb6 6. Bd3 Bd7 7. O-O cxd4 8.
cxd4 Nxd4 9. Nxd4 Qxd4 10. Nf3 Qb6 11. exd5 exd5 12. Re1+ Ne7 13. Be3 Qf6 14.
Bd4 Qf4 15. Be5 Qb4 16. Qe2 a6 17. a3 Qb6 18. Bxg7 Rg8 19. Bxf8 Be6 20. Bxe7
Kxe7 21. Bxh7 Rg7 22. Bf5 Re8 23. Qe5 Kf8 24. Bxe6 Qxe6 25. Qxe6 fxe6 26. Rac1
Ree7 27. Ne5 Kg8 28. Rc8+ Kh7 29. Re3 Rg5 30. Rh3+ Kg7 31. f4 Rf5 32. g3 Rf6
33. Rhh8 1-0

[Event "New Zealand Junior Chp"]
[Site "Waitakere"]
[Date "2012.07.03"]
[Round "1.3"]
[White "Zhu, Martin"]
[Black "Rains, Edward"]
[Result "0-1"]
[WhiteElo "1220"]
[BlackElo "1895"]
[PlyCount "52"]
[EventDate "2012.07.06"]
[EventType "swiss"]
[EventRounds "7"]
[EventCountry "NZL"]
[SourceDate "2012.09.09"]

1. e4 c5 2. Nf3 g6 3. d4 cxd4 4. Nxd4 Bg7 5. Nc3 Nc6 6. Be3 Nf6 7. f3 O-O 8.
Be2 d6 9. O-O Bd7 10. Qd2 a6 11. Nxc6 Bxc6 12. Bh6 Bxh6 13. Qxh6 Qb6+ 14. Kh1
Qxb2 15. Qd2 Qb4 16. Rab1 Qc5 17. Rfd1 Rab8 18. Rb3 Rfc8 19. Rdb1 Qa5 20. R1b2
Qc7 21. Nd5 Nxd5 22. exd5 Bd7 23. Rb6 Bf5 24. Bd3 Bxd3 25. cxd3 Qc1+ 26. Qxc1
Rxc1# 0-1

[Event "New Zealand Junior Chp"]
[Site "Waitakere"]
[Date "2012.07.03"]
[Round "1.4"]
[White "Tsoi, Nicole"]
[Black "Yan, Sarah"]
[Result "1-0"]
[WhiteElo "1934"]
[BlackElo "1075"]
[PlyCount "95"]
[EventDate "2012.07.06"]
[EventType "swiss"]
[EventRounds "7"]
[EventCountry "NZL"]
[SourceDate "2012.09.09"]

1. d4 Nf6 2. Bf4 g6 3. Nf3 Bg7 4. e3 d6 5. Be2 O-O 6. h3 Re8 7. c4 Nbd7 8. Nc3
e5 9. dxe5 Nxe5 10. Nxe5 dxe5 11. Qxd8 Rxd8 12. Bxe5 c6 13. O-O Bf5 14. Bd4 b6
15. Bf3 Rac8 16. c5 b5 17. g4 Be6 18. Rfd1 Bd5 19. Nxd5 Nxd5 20. Rd2 Bxd4 21.
Rxd4 a5 22. Rad1 b4 23. e4 Kf8 24. exd5 cxd5 25. Rxd5 Rxd5 26. Rxd5 Ke7 27. Kf1
Ke6 28. Ke2 f6 29. Kd3 Ke7 30. Kc4 Ke6 31. Kb5 a4 32. Kb6 Ke7 33. Kb7 Rd8 34.
Rxd8 Kxd8 35. c6 Ke8 36. c7 Ke7 37. c8=Q Kd6 38. Qc6+ Ke5 39. Qe4+ Kd6 40.
Qxb4+ Ke5 41. Qxa4 Kd6 42. Qd4+ Ke7 43. Qb6 Kf7 44. a4 Ke7 45. Bd5 Kf8 46. Qc7
Ke8 47. Kc8 h6 48. Qf7# 1-0

[Event "New Zealand Junior Chp"]
[Site "Waitakere"]
[Date "2012.07.03"]
[Round "1.5"]
[White "Qian, Bella"]
[Black "Zhang, William Jiewen"]
[Result "0-1"]
[WhiteElo "1100"]
[BlackElo "1864"]
[PlyCount "180"]
[EventDate "2012.07.06"]
[EventType "swiss"]
[EventRounds "7"]
[EventCountry "NZL"]
[SourceDate "2012.09.09"]

1. e4 e6 2. d4 d5 3. exd5 exd5 4. c4 Bb4+ 5. Nc3 Ne7 6. Bd3 dxc4 7. Bxc4 O-O 8.
Nge2 Nbc6 9. Be3 Na5 10. Bb3 Bf5 11. O-O Bxc3 12. Nxc3 b6 13. Bc2 Bxc2 14. Qxc2
Rc8 15. Rfd1 Nd5 16. Nxd5 Qxd5 17. b3 Rfe8 18. Kh1 Re6 19. Rg1 Rc6 20. Qd2 Re8
21. Rae1 Rce6 22. Rc1 c6 23. Rce1 Nb7 24. Bf4 Nd6 25. Bxd6 Qxd6 26. h3 h6 27.
Rgf1 Qe7 28. Rc1 Re2 29. Qd1 Qe6 30. Rc2 Qe4 31. Rd2 Rxd2 32. Qxd2 Qe2 33. Rd1
Re6 34. Kg1 Kh7 35. Qd3+ Kg8 36. Qd2 Qe4 37. Rc1 Rd6 38. Rd1 c5 39. Qe3 f5 40.
Qxe4 fxe4 41. d5 Kf7 42. Kf1 Kf6 43. Ke2 Ke5 44. Ke3 Rxd5 45. Rxd5+ Kxd5 46. a4
Ke5 47. g3 a6 48. h4 h5 49. f4+ exf3 50. Kxf3 b5 51. axb5 axb5 52. Ke3 c4 53.
b4 g6 54. Kd2 Kd4 55. Ke2 Kc3 56. Ke3 Kb2 57. Kd4 c3 58. Kc5 c2 59. Kxb5 c1=Q
60. Kb6 Qc8 61. b5 Qb8+ 62. Kc6 Kb3 63. b6 Kb4 64. b7 Ka5 65. Kd7 Qxb7+ 66. Ke6
Qe4+ 67. Kf7 Kb6 68. Kf6 Qf5+ 69. Ke7 Kc5 70. Kd8 g5 71. Ke7 gxh4 72. gxh4 Qg4
73. Kf6 Kd5 74. Ke7 Ke5 75. Kd8 Qxh4+ 76. Kc7 Qc4+ 77. Kd7 Qf7+ 78. Kc6 h4 79.
Kc5 h3 80. Kb4 h2 81. Kc3 h1=N 82. Kd3 Qd5+ 83. Ke3 Qe4+ 84. Kd2 Qf3 85. Kc2
Qe3 86. Kd1 Qf2 87. Kc1 Kd4 88. Kb1 Kc3 89. Ka1 Kb3 90. Kb1 Qb2# 0-1

[Event "New Zealand Junior Chp"]
[Site "Waitakere"]
[Date "2012.07.03"]
[Round "1.6"]
[White "Ang, Alphaeus Wei Ern"]
[Black "Rains, Jessica"]
[Result "1-0"]
[WhiteElo "1814"]
[BlackElo "1127"]
[PlyCount "63"]
[EventDate "2012.07.06"]
[EventType "swiss"]
[EventRounds "7"]
[EventCountry "NZL"]
[SourceDate "2012.09.09"]

1. d4 d5 2. Nc3 Nf6 3. Bf4 Nc6 4. Nb5 e5 5. dxe5 Ne4 6. Qxd5 Qxd5 7. Nxc7+ Kd7
8. Nxd5 Ke6 9. Nc7+ Kd7 10. Nxa8 Nb4 11. Rc1 Bc5 12. e3 Nxa2 13. Rd1+ Ke6 14.
Bc4+ Ke7 15. Bxa2 Bb4+ 16. c3 Bc5 17. f3 Nf6 18. exf6+ gxf6 19. Nc7 Rg8 20. g4
f5 21. g5 Be6 22. Nxe6 fxe6 23. Ne2 e5 24. Bxg8 exf4 25. Nxf4 Bxe3 26. Nd5+ Kf8
27. Nxe3 Kxg8 28. Rd7 a5 29. Rxb7 h5 30. Ke2 a4 31. Rd1 Kf8 32. Rd8# 1-0

[Event "New Zealand Junior Chp"]
[Site "Waitakere"]
[Date "2012.07.03"]
[Round "1.7"]
[White "Yan, Caroline"]
[Black "Lam, Byron"]
[Result "1/2-1/2"]
[WhiteElo "1056"]
[BlackElo "1783"]
[PlyCount "134"]
[EventDate "2012.07.06"]
[EventType "swiss"]
[EventRounds "7"]
[EventCountry "NZL"]
[SourceDate "2012.09.09"]

1. e4 c5 2. Nf3 d6 3. Nc3 Nc6 4. Be2 Nf6 5. O-O g6 6. Bb5 Bg7 7. Bxc6+ bxc6 8.
d3 O-O 9. d4 cxd4 10. Nxd4 Qc7 11. h3 Rb8 12. Rb1 Ba6 13. Re1 Nd7 14. Be3 c5
15. Nb3 Nb6 16. Qc1 Rfe8 17. Bh6 Bh8 18. Qd1 Nc4 19. Nd5 Qd8 20. c3 Ne5 21. Nf4
Nc6 22. Qd5 Ne5 23. Re3 Bc4 24. Qd1 a5 25. Ra1 a4 26. Nd2 Rxb2 27. Nxc4 Nxc4
28. Rg3 Nd2 29. Qe1 Qb8 30. Nd5 Rb1 31. Rxb1 Qxb1 32. Qxb1 Nxb1 33. c4 Bg7 34.
Bf4 h6 35. h4 Kf8 36. a3 Rb8 37. Re3 Nd2 38. Re2 Nxc4 39. Ra2 Rb1+ 40. Kh2 Be5
41. Bxe5 Nxe5 42. f3 Nc4 43. Nc3 Rb2 44. Rxb2 Nxb2 45. Kg1 c4 46. Kf2 Nd3+ 47.
Ke3 Nc5 48. Kd4 Ke8 49. Kxc4 Kd7 50. Kb5 e6 51. Nxa4 Nxa4 52. Kxa4 Kc6 53. Kb4
Kb6 54. a4 Ka6 55. a5 f6 56. f4 f5 57. e5 d5 58. g3 h5 59. Ka4 d4 60. Kb3 Kxa5
61. Kc4 Kb6 62. Kxd4 Kb5 63. Kd3 Kb4 64. Kd4 Kb5 65. Kd3 Kc5 66. Kc3 Kb5 67.
Kb3 Kc6 1/2-1/2

[Event "New Zealand Junior Chp"]
[Site "Waitakere"]
[Date "2012.07.03"]
[Round "1.8"]
[White "James, Jack"]
[Black "Huang, Nicholas"]
[Result "1-0"]
[WhiteElo "1764"]
[BlackElo "1042"]
[PlyCount "91"]
[EventDate "2012.07.06"]
[EventType "swiss"]
[EventRounds "7"]
[EventCountry "NZL"]
[SourceDate "2012.09.09"]

1. e4 e6 2. Nc3 Nc6 3. g3 g6 4. Bg2 Bg7 5. d3 Bxc3+ 6. bxc3 Nf6 7. Ne2 b6 8. e5
Nd5 9. c4 Nde7 10. O-O Bb7 11. Bg5 Rb8 12. Bf6 Rg8 13. d4 d5 14. exd6 cxd6 15.
d5 Na5 16. dxe6 fxe6 17. Qb1 Bxg2 18. Kxg2 Nxc4 19. Qb5+ Qd7 20. Qxc4 Rc8 21.
Qe4 d5 22. Qe3 Rxc2 23. Nd4 Nf5 24. Qd3 Nxd4 25. Bxd4 Qa4 26. Rfc1 Rxc1 27.
Rxc1 Kd7 28. Be5 Rc8 29. Rxc8 Kxc8 30. Qc3+ Qc4 31. f4 Kb7 32. Qxc4 dxc4 33.
Kf3 b5 34. Ke4 Kc6 35. Kd4 a5 36. a4 bxa4 37. Kxc4 a3 38. Kb3 a2 39. Kxa2 Kd5
40. Kb3 Ke4 41. Ka4 Kf3 42. Kxa5 Kg2 43. g4 Kxh2 44. f5+ Kh3 45. fxe6 Kxg4 46.
e7 1-0

[Event "New Zealand Junior Chp"]
[Site "Waitakere"]
[Date "2012.07.03"]
[Round "1.9"]
[White "Qin, Nicole Shu Yu"]
[Black "Zhang, Leo"]
[Result "0-1"]
[WhiteElo "1013"]
[BlackElo "1771"]
[PlyCount "78"]
[EventDate "2012.07.06"]
[EventType "swiss"]
[EventRounds "7"]
[EventCountry "NZL"]
[SourceDate "2012.09.09"]

1. e4 c5 2. Nf3 d6 3. d4 cxd4 4. Nxd4 Nf6 5. Nc3 a6 6. f4 e5 7. Nf3 Nbd7 8. Bd2
Be7 9. Be2 O-O 10. Bc4 b5 11. Bb3 Bb7 12. Qe2 Qc7 13. O-O-O Rac8 14. Kb1 Nc5
15. Nd5 Nxd5 16. Bxd5 Nd7 17. Bb3 exf4 18. Bxf4 Ne5 19. Nxe5 dxe5 20. Bg3 Rcd8
21. Rhf1 Rxd1+ 22. Rxd1 Bf6 23. h4 Rd8 24. Rd3 Rxd3 25. Qxd3 Kf8 26. Bd5 Ke7
27. Bxb7 Qxb7 28. c4 bxc4 29. Qxc4 Qb6 30. Kc2 g6 31. Qb3 Qg1 32. Qb7+ Kf8 33.
Qc8+ Kg7 34. Qh3 Qc5+ 35. Kb1 Qd4 36. Kc2 Qxe4+ 37. Kb3 Qd3+ 38. Kb4 Be7+ 39.
Ka5 Qb5# 0-1

[Event "New Zealand Junior Chp"]
[Site "Waitakere"]
[Date "2012.07.03"]
[Round "1.10"]
[White "Jia, Hao"]
[Black "Wang, Tony"]
[Result "1-0"]
[WhiteElo "1762"]
[BlackElo "974"]
[PlyCount "83"]
[EventDate "2012.07.06"]
[EventType "swiss"]
[EventRounds "7"]
[EventCountry "NZL"]
[SourceDate "2012.09.09"]

1. e4 e5 2. Nf3 Nc6 3. Bc4 h6 4. Nc3 Nf6 5. d3 Bc5 6. O-O d6 7. h3 Be6 8. Bb3
Qd7 9. Nh2 O-O-O 10. Be3 g5 11. Bxe6 fxe6 12. Bxc5 dxc5 13. b3 Rdf8 14. a4 Qe7
15. Rb1 Nd7 16. Na2 Rf7 17. c3 a5 18. Qd2 Nb6 19. b4 Nxa4 20. b5 Na7 21. c4 b6
22. Qc2 Rfh7 23. Qxa4 h5 24. g3 Qf6 25. Nc1 h4 26. g4 Rf7 27. Rb2 Qd8 28. Ra2
Rhf8 29. Qc2 Kb7 30. Nb3 Nc8 31. Nxa5+ bxa5 32. Rxa5 Qd4 33. Qa2 Rf4 34. Ra8
Qd6 35. f3 c6 36. bxc6+ Kxc6 37. Ra6+ Nb6 38. Rb1 Rb8 39. Ra7 Rb7 40. Rxb6+
Rxb6 41. Qa4+ Rb5 42. Qxb5# 1-0

[Event "New Zealand Junior Chp"]
[Site "Waitakere"]
[Date "2012.07.03"]
[Round "1.11"]
[White "Zhang, Jasmine"]
[Black "Rains, Timothy"]
[Result "0-1"]
[WhiteElo "1010"]
[BlackElo "1770"]
[PlyCount "128"]
[EventDate "2012.07.06"]
[EventType "swiss"]
[EventRounds "7"]
[EventCountry "NZL"]
[SourceDate "2012.09.09"]

1. e4 c5 2. Nf3 Nc6 3. d4 cxd4 4. Nxd4 g6 5. Nc3 Bg7 6. Be3 d6 7. h3 Nf6 8. Bc4
O-O 9. O-O a6 10. a3 Qc7 11. Qd2 Nxd4 12. Qxd4 Ng4 13. Qd3 Nxe3 14. fxe3 e6 15.
Rab1 b5 16. Ba2 Bb7 17. Ne2 Rac8 18. Bb3 Rfd8 19. Nf4 Kh8 20. Kh1 Qc6 21. Ne2
Kg8 22. Ng3 Be5 23. Rf3 Bxg3 24. Rxg3 Qxe4 25. Qxe4 Bxe4 26. Rc1 a5 27. c3 a4
28. Bc2 d5 29. Rg4 f5 30. Rf4 Rd6 31. Kh2 e5 32. Rff1 Bxc2 33. Rxc2 d4 34. Rd2
d3 35. Rb1 e4 36. Kg3 g5 37. Rf1 Rc5 38. Rff2 Kg7 39. h4 Kh6 40. Kh3 gxh4 41.
Kxh4 Rg6 42. Rf4 Rd5 43. g4 Rg5 44. Kh3 Kg6 45. Kh4 h5 46. gxf5+ Rgxf5 47. Rg2+
Kf6 48. Rxf5+ Rxf5 49. Rh2 Rf3 50. Kxh5 Rxe3 51. Rd2 Re2 52. Rd1 d2 53. Kg4 Rf2
54. Kg3 e3 55. Rh1 Ke5 56. Rb1 Ke4 57. Rg1 Kd3 58. Rb1 Kc2 59. Rg1 d1=Q 60.
Rxd1 Kxd1 61. Kg4 e2 62. Kg3 e1=Q 63. Kg4 Qg1+ 64. Kh3 Rh2# 0-1

[Event "New Zealand Junior Chp"]
[Site "Waitakere"]
[Date "2012.07.03"]
[Round "1.12"]
[White "Kolev, Hristo"]
[Black "Tang, Ally"]
[Result "1-0"]
[WhiteElo "1733"]
[BlackElo "984"]
[PlyCount "105"]
[EventDate "2012.07.06"]
[EventType "swiss"]
[EventRounds "7"]
[EventCountry "NZL"]
[SourceDate "2012.09.09"]

1. d4 Nf6 2. c4 g6 3. Nc3 Bg7 4. e4 d6 5. f4 Bg4 6. Nf3 Nfd7 7. Be3 e5 8. fxe5
dxe5 9. d5 O-O 10. Be2 Nb6 11. O-O Bxf3 12. Rxf3 N8d7 13. Qf1 Nf6 14. Bg5 Nbd7
15. d6 h6 16. dxc7 Qe7 17. Nd5 Qc5+ 18. Be3 Qc6 19. Ne7+ Kh7 20. Nxc6 bxc6 21.
Rd1 Rac8 22. h3 Rxc7 23. Rd6 Ne8 24. Rd2 Ndf6 25. Bd3 Nd6 26. Rxf6 Rd8 27. c5
Bxf6 28. cxd6 Rxd6 29. Bc5 Re6 30. Bc4 Bg5 31. Bxe6 Bxd2 32. Bxf7 Bf4 33. Qc4
Kg7 34. Qe6 Rxf7 35. Qxc6 h5 36. Qa4 Bg3 37. Bxa7 Rc7 38. Be3 h4 39. b4 Rc4 40.
Qd7+ Kf6 41. Qd6+ Kg7 42. Qe7+ Kg8 43. Qe6+ Kg7 44. Qxc4 Bf4 45. Bxf4 exf4 46.
b5 Kh6 47. b6 g5 48. Qe6+ Kh7 49. b7 f3 50. b8=R f2+ 51. Kxf2 g4 52. Rb7+ Kh8
53. Qe8# 1-0

[Event "New Zealand Junior Chp"]
[Site "Waitakere"]
[Date "2012.07.03"]
[Round "1.13"]
[White "Feng, Dahlia"]
[Black "Zhu, Karl Kai"]
[Result "0-1"]
[WhiteElo "1022"]
[BlackElo "1660"]
[PlyCount "48"]
[EventDate "2012.07.06"]
[EventType "swiss"]
[EventRounds "7"]
[EventCountry "NZL"]
[SourceDate "2012.09.09"]

1. d4 Nf6 2. Nf3 d5 3. g3 g6 4. Bg2 Bg7 5. O-O O-O 6. c4 c6 7. b3 Bf5 8. Nc3
Nbd7 9. Bf4 dxc4 10. bxc4 c5 11. e3 Re8 12. Qb3 Nb6 13. Ne5 cxd4 14. exd4 Qxd4
15. Rad1 Qc5 16. Bxb7 Rab8 17. Bd5 Nbxd5 18. Qa4 Nxc3 19. Qa6 Nxd1 20. Rxd1 g5
21. Bxg5 Qxe5 22. Bf4 Qe2 23. Rd2 Qf3 24. Bxb8 Bh3 0-1

[Event "New Zealand Junior Chp"]
[Site "Waitakere"]
[Date "2012.07.03"]
[Round "1.14"]
[White "Zhu, Leo Lei"]
[Black "Jin, Sophia"]
[Result "1-0"]
[WhiteElo "1652"]
[BlackElo "977"]
[PlyCount "59"]
[EventDate "2012.07.06"]
[EventType "swiss"]
[EventRounds "7"]
[EventCountry "NZL"]
[SourceDate "2012.09.09"]

1. e4 e5 2. Nf3 Nc6 3. d4 f6 4. dxe5 fxe5 5. Bc4 h6 6. Nxe5 Nf6 7. Nf7 Qe7 8.
Nxh8 Qxe4+ 9. Qe2 Ne5 10. Qxe4 Nxe4 11. Bb3 Bc5 12. Be3 d6 13. Nd2 Bf5 14. Nxe4
Bxe4 15. Bxc5 dxc5 16. O-O O-O-O 17. Rfe1 Rxh8 18. Rxe4 Nc6 19. Rd1 a6 20. Be6+
Kb8 21. c3 Re8 22. f3 Rf8 23. Bd7 Ka7 24. Bxc6 bxc6 25. Rd7 Kb6 26. Rxg7 a5 27.
Ree7 Rc8 28. Rh7 a4 29. Rxh6 Kb7 30. Ree6 1-0

[Event "New Zealand Junior Chp"]
[Site "Waitakere"]
[Date "2012.07.03"]
[Round "1.15"]
[White "Hill, Raymon"]
[Black "Zhan, Judd"]
[Result "0-1"]
[WhiteElo "725"]
[BlackElo "1542"]
[PlyCount "114"]
[EventDate "2012.07.06"]
[EventType "swiss"]
[EventRounds "7"]
[EventCountry "NZL"]
[SourceDate "2012.09.09"]

1. d4 g6 2. Nf3 Bg7 3. e4 c5 4. c3 cxd4 5. cxd4 d5 6. e5 e6 7. Nc3 a6 8. Bd3
Ne7 9. Ne2 Nbc6 10. O-O O-O 11. Ng3 Qb6 12. Qa4 Bd7 13. Be3 Qd8 14. Qd1 Rc8 15.
Qd2 Qa5 16. Rac1 Qxd2 17. Bxd2 Na7 18. a3 Bb5 19. Bxb5 Nxb5 20. Be3 Rc6 21. Bg5
Rfc8 22. Rxc6 Nxc6 23. Rc1 Nca7 24. Rxc8+ Nxc8 25. Ne2 Nb6 26. Nd2 Nc4 27. Nxc4
dxc4 28. Bf6 Bxf6 29. exf6 Nc7 30. g4 g5 31. Ng3 Nd5 32. Nh5 Kf8 33. Kg2 Ke8
34. Kf3 Kd7 35. Ke2 b5 36. Kd2 Kd6 37. Ke2 Nf4+ 38. Ke3 Nxh5 39. gxh5 Kd5 40.
f3 e5 41. dxe5 Kxe5 42. Kf2 a5 43. Ke3 b4 44. axb4 axb4 45. Kd2 Kf4 46. Ke2 b3
47. Kd2 Kxf3 48. Kc3 Kg2 49. h4 gxh4 50. Kxc4 h3 51. Kxb3 h2 52. Ka4 h1=Q 53.
b4 Qh2 54. b5 Qb8 55. Ka5 Kf3 56. b6 Ke4 57. Kb5 Kd5 0-1

[Event "New Zealand Junior Chp"]
[Site "Waitakere"]
[Date "2012.07.03"]
[Round "1.16"]
[White "Qin, Joy Shu Yan"]
[Black "Fu, Alex"]
[Result "1-0"]
[WhiteElo "1485"]
[BlackElo "737"]
[PlyCount "67"]
[EventDate "2012.07.06"]
[EventType "swiss"]
[EventRounds "7"]
[EventCountry "NZL"]
[SourceDate "2012.09.09"]

1. e4 e6 2. d4 d5 3. Nc3 Nd7 4. exd5 exd5 5. Nxd5 b6 6. Qe2+ Ne7 7. Bf4 c6 8.
Nc7+ Qxc7 9. Bxc7 g6 10. Qf3 Bg7 11. Bc4 O-O 12. Ne2 b5 13. Bd3 a5 14. Be4 Bb7
15. Bd6 Rae8 16. Bxe7 Rc8 17. Bxf8 Nxf8 18. O-O Ne6 19. c3 Ng5 20. Qg4 Nxe4 21.
Qxe4 Rd8 22. Rfe1 b4 23. cxb4 axb4 24. Rad1 Rb8 25. b3 c5 26. Qd3 Rd8 27. Qe3
h6 28. dxc5 Rxd1 29. Rxd1 h5 30. Qe8+ Kh7 31. Qxf7 Bc8 32. Nf4 Bf5 33. Nxh5 Bc2
34. Qxg7# 1-0

[Event "New Zealand Junior Chp"]
[Site "Waitakere"]
[Date "2012.07.03"]
[Round "1.17"]
[White "Hill, Anthony"]
[Black "White, Luke"]
[Result "0-1"]
[WhiteElo "717"]
[BlackElo "1454"]
[PlyCount "110"]
[EventDate "2012.07.06"]
[EventType "swiss"]
[EventRounds "7"]
[EventCountry "NZL"]
[SourceDate "2012.09.09"]

1. d4 d5 2. Nf3 Nf6 3. Bg5 h6 4. Bxf6 gxf6 5. Nc3 Nc6 6. e3 e5 7. dxe5 fxe5 8.
Bb5 f6 9. Bxc6+ bxc6 10. e4 Bb4 11. O-O d4 12. Ne2 Bg4 13. c3 dxc3 14. Qxd8+
Rxd8 15. Nxc3 Rg8 16. h3 Bxf3 17. Kh2 Rxg2+ 18. Kh1 Rxf2+ 19. Kg1 Rg2+ 20. Kh1
Rxb2+ 21. Rxf3 Bxc3 22. Rxc3 Rd6 23. Rac1 Kd7 24. Ra3 Rb7 25. Kg2 Ke6 26. Rac3
Rb6 27. Kg3 Kf7 28. Kg4 Kg6 29. h4 h5+ 30. Kg3 f5 31. Kf3 a5 32. a4 fxe4+ 33.
Kxe4 Re6 34. R1c2 Rb4+ 35. Ke3 Rxh4 36. Rxc6 Rxc6 37. Rxc6+ Kf5 38. Rxc7 Rxa4
39. Rf7+ Ke6 40. Rb7 Rh4 41. Rb6+ Kd5 42. Ra6 a4 43. Kd3 Rh3+ 44. Kc2 a3 45.
Ra5+ Kd4 46. Ra4+ Kd5 47. Ra5+ Ke6 48. Ra6+ Kf5 49. Kb1 Rh1+ 50. Ka2 Rh3 51.
Kb1 Kf4 52. Ra4+ e4 53. Ra8 Rd3 54. Rf8+ Kg4 55. Rg8+ Kh4 0-1

[Event "New Zealand Junior Chp"]
[Site "Waitakere"]
[Date "2012.07.03"]
[Round "1.18"]
[White "Jiang, Richard"]
[Black "Tang, Tony"]
[Result "1-0"]
[WhiteElo "1452"]
[BlackElo "597"]
[PlyCount "53"]
[EventDate "2012.07.06"]
[EventType "swiss"]
[EventRounds "7"]
[EventCountry "NZL"]
[SourceDate "2012.09.09"]

1. e4 c5 2. c3 d6 3. d4 cxd4 4. cxd4 Nf6 5. Nc3 Nc6 6. Bb5 Bd7 7. Nge2 a6 8.
Bd3 e5 9. d5 Nb8 10. O-O g6 11. Kh1 Bg7 12. f4 exf4 13. Bxf4 Qb6 14. Qd2 Bg4
15. h3 Bxe2 16. Nxe2 O-O 17. Be3 Qd8 18. Qb4 Qe7 19. Bf4 Rd8 20. Nc3 a5 21. Qa3
Nh5 22. Bh2 Bxc3 23. bxc3 b6 24. e5 dxe5 25. Qxe7 Rxd5 26. Qxf7+ Kh8 27. Qf8#
1-0

[Event "New Zealand Junior Chp"]
[Site "Waitakere"]
[Date "2012.07.03"]
[Round "1.19"]
[White "Wei, Louie"]
[Black "Fan, Allen"]
[Result "0-1"]
[WhiteElo "583"]
[BlackElo "1429"]
[PlyCount "96"]
[EventDate "2012.07.06"]
[EventType "swiss"]
[EventRounds "7"]
[EventCountry "NZL"]
[SourceDate "2012.09.09"]

1. e4 Nf6 2. Nc3 e5 3. Nf3 Nc6 4. Bc4 Bb4 5. O-O d6 6. Re1 O-O 7. h3 h6 8. a3
Ba5 9. b4 Bb6 10. Bb2 Nd4 11. Nxd4 Bxd4 12. Rb1 c6 13. Na2 Re8 14. Bxd4 exd4
15. f3 Nh5 16. g4 Nf4 17. Kh2 Qh4 18. Bf1 h5 19. Nc1 hxg4 20. fxg4 f5 21. gxf5
Bxf5 22. Qf3 Qxe1 23. Qxf4 Qxe4 24. Qxe4 Rxe4 25. Bd3 Re5 26. Bxf5 Rxf5 27. Nd3
Re8 28. Re1 Rxe1 29. Nxe1 Rf2+ 30. Kg3 Rxd2 31. Kf3 Rh2 32. Kg3 Re2 33. Nf3
Rxc2 34. Nxd4 Rc3+ 35. Kg4 Rc4 36. Kg5 Rxd4 37. Kg6 Rd3 38. Kf5 Rxh3 39. Ke4
Rxa3 40. Kd4 g5 41. Ke4 d5+ 42. Kf5 d4 43. Kxg5 d3 44. Kg6 d2 45. b5 d1=Q 46.
bxc6 Qf1 47. cxb7 Rg3+ 48. Kh6 Qh3# 0-1

[Event "New Zealand Junior Chp"]
[Site "Waitakere"]
[Date "2012.07.03"]
[Round "1.20"]
[White "Geng, Karen Jingyi"]
[Black "Wen, Victor"]
[Result "1-0"]
[WhiteElo "1425"]
[BlackElo "418"]
[PlyCount "85"]
[EventDate "2012.07.06"]
[EventType "swiss"]
[EventRounds "7"]
[EventCountry "NZL"]
[SourceDate "2012.09.09"]

1. d4 Nf6 2. Nf3 d5 3. Bf4 c5 4. c3 Nc6 5. e3 Bf5 6. Nbd2 c4 7. Ne5 e6 8. Ndf3
Bd6 9. Qa4 Qb6 10. Nxc6 Qxc6 11. Qxc6+ bxc6 12. Bxd6 Kd7 13. Bb4 a5 14. Ne5+
Ke8 15. Bc5 Ne4 16. Nxc6 Nxc5 17. dxc5 Rc8 18. Nxa5 Rxc5 19. Nb7 Rc6 20. b3 Rb6
21. Nc5 Bd3 22. Nxd3 cxd3 23. Bxd3 g6 24. O-O Ke7 25. b4 f5 26. a4 Kd6 27. a5
Rbb8 28. a6 Ra8 29. a7 e5 30. b5 e4 31. Be2 Kc7 32. Rfb1 Kb7 33. b6 Rhc8 34.
Ba6+ Kc6 35. Bxc8 Rxc8 36. a8=Q+ Rxa8 37. Rxa8 Kb7 38. Ra7+ Kc6 39. b7 g5 40.
b8=Q d4 41. Qb6+ Kd5 42. Qxd4+ Ke6 43. Rb6# 1-0

[Event "New Zealand Junior Chp"]
[Site "Waitakere"]
[Date "2012.07.03"]
[Round "2.1"]
[White "Li, Zuhao Luke"]
[Black "Kolev, Hristo"]
[Result "1-0"]
[WhiteElo "2333"]
[BlackElo "1733"]
[PlyCount "45"]
[EventDate "2012.07.06"]
[EventType "swiss"]
[EventRounds "7"]
[EventCountry "NZL"]
[SourceDate "2012.09.09"]

1. d4 Nf6 2. c4 c5 3. d5 b5 4. cxb5 a6 5. b6 a5 6. Nc3 Ba6 7. g3 d6 8. Bg2 g6
9. h4 Bg7 10. Nh3 Nbd7 11. Nf4 Nxb6 12. h5 g5 13. h6 Bf8 14. Nh5 Nxh5 15. Rxh5
f6 16. e4 Rg8 17. Bh3 Rg6 18. Bf5 Rg8 19. Bxh7 Rh8 20. Bf5 Bxh6 21. Qg4 Kf7 22.
Be6+ Kf8 23. Bxg5 1-0

[Event "New Zealand Junior Chp"]
[Site "Waitakere"]
[Date "2012.07.03"]
[Round "2.2"]
[White "Zhu, Karl Kai"]
[Black "Gao, Hans"]
[Result "0-1"]
[WhiteElo "1660"]
[BlackElo "2189"]
[PlyCount "88"]
[EventDate "2012.07.06"]
[EventType "swiss"]
[EventRounds "7"]
[EventCountry "NZL"]
[SourceDate "2012.09.09"]

1. e4 c5 2. Nf3 d6 3. d4 cxd4 4. Nxd4 Nf6 5. Nc3 g6 6. Be3 a6 7. f3 Bg7 8. Qd2
Nbd7 9. Bc4 b5 10. Bb3 Bb7 11. O-O-O Nc5 12. h4 Rc8 13. h5 Nxh5 14. g4 Nf6 15.
Bh6 Bxh6 16. Qxh6 e5 17. Qg7 Rf8 18. Nd5 Bxd5 19. Nxb5 Nxb3+ 20. axb3 axb5 21.
exd5 Rg8 22. Qh6 g5 23. b4 Qc7 24. c3 Rg6 25. Qh3 Qc4 26. Rhe1 Nxd5 27. Re4 Qa2
28. Qxh7 Qa1+ 29. Kc2 Qa4+ 30. Kc1 Nf6 31. Qh8+ Kd7 32. Rxd6+ Kxd6 33. Qxc8
Nxe4 34. fxe4 Qa7 35. Qd8+ Qd7 36. Qb8+ Ke6 37. Qb6+ Ke7 38. Qc5+ Kf6 39. b3
Rh6 40. Qf2+ Kg7 41. Qg3 Rh1+ 42. Kc2 Qd1+ 43. Kb2 Qd2+ 44. Ka3 Ra1# 0-1

[Event "New Zealand Junior Chp"]
[Site "Waitakere"]
[Date "2012.07.03"]
[Round "2.3"]
[White "Rains, Edward"]
[Black "Zhu, Leo Lei"]
[Result "1-0"]
[WhiteElo "1895"]
[BlackElo "1652"]
[PlyCount "43"]
[EventDate "2012.07.06"]
[EventType "swiss"]
[EventRounds "7"]
[EventCountry "NZL"]
[SourceDate "2012.09.09"]

1. e4 c5 2. Nc3 Nc6 3. f4 g6 4. Nf3 Bg7 5. Bb5 a6 6. Bxc6 bxc6 7. O-O d6 8. h3
Qc7 9. d3 e6 10. Qe1 Ne7 11. Kh1 d5 12. Na4 Rb8 13. Nxc5 Bxb2 14. Bxb2 Rf8 15.
Be5 Qa7 16. Bxb8 Qxb8 17. Ng5 Qd6 18. Qa5 h6 19. Nh7 Rh8 20. Nf6+ Kf8 21. e5
Qb8 22. Ncd7+ 1-0